Ландшафтный дизайн и экстерьер в 3ds Max 2011

Библиографические подробности
Главный автор: Шишанов А. В. Андрей Вадимович
Примечания:Эта книга — новый бестселлер Андрея Шишанова — отличное подспорье архитекторам и практикующим дизайнерам. Она рассказывает о создании экстерьерных композиций в программе 3ds Мах. С ее помощью вы научитесь моделировать здания и ландшафты, «наполнять» их растительностью (от нескольких деревьев до обширных лесных массивов), применять ландшафтное текстурирование, создавать собственные уникальные текстуры. В книге рассматривается самая свежая версия 3ds Мах 2011, подробно описываются нововведения и дополнительные возможности программы.
Язык:русский
Опубликовано: СПб., Питер, 2011
Предметы:
Формат: Книга
Запись в KOHA:https://koha.lib.tpu.ru/cgi-bin/koha/opac-detail.pl?biblionumber=196116

MARC

LEADER 00000nam0a2200000 4500
001 196116
005 20231101224654.0
010 |a 9785498078748 
035 |a (RuTPU)RU\TPU\book\213954 
090 |a 196116 
100 |a 20110518d2011 km y0rusy50 ca 
101 0 |a rus 
102 |a RU 
105 |a a z 001zy 
200 1 |a Ландшафтный дизайн и экстерьер в 3ds Max 2011  |f А. В. Шишанов 
210 |a СПб.  |c Питер  |d 2011 
215 |a 240 с.  |c ил. 
330 |a Эта книга — новый бестселлер Андрея Шишанова — отличное подспорье архитекторам и практикующим дизайнерам. Она рассказывает о создании экстерьерных композиций в программе 3ds Мах. С ее помощью вы научитесь моделировать здания и ландшафты, «наполнять» их растительностью (от нескольких деревьев до обширных лесных массивов), применять ландшафтное текстурирование, создавать собственные уникальные текстуры. В книге рассматривается самая свежая версия 3ds Мах 2011, подробно описываются нововведения и дополнительные возможности программы. 
606 1 |a Ландшафтный дизайн, компьютерный  |2 stltpush  |3 (RuTPU)RU\TPU\subj\71058  |9 85121 
610 1 |a ландшафты 
610 1 |a построение 
610 1 |a компьютерные программы 
610 1 |a 3ds Max 2011 
610 1 |a дороги 
610 1 |a архитектура 
610 1 |a водоемы 
610 1 |a здания 
610 1 |a растения 
610 1 |a экстерьер 
610 1 |a визуализация 
610 1 |a освещение 
610 1 |a архитектурная анимация 
675 |a 004.92.84  |v 4 
700 1 |a Шишанов  |b А. В.  |g Андрей Вадимович 
801 1 |a RU  |b 63413507  |c 20110518 
801 2 |a RU  |b 63413507  |c 20140519  |g RCR 
900 |a Дизайн 
942 |c BK 
959 |a 52/20110518  |d 1  |e 227,00  |f ЧЗТЛ:1